000 01103nam a2200313 a 4500
001 BRCA_5442
005 20190320205059.0
008 141210s1940----nyua######---#000-0#eng-#
041 _aeng
044 _anyu
050 4 _aND45
_b.C38 1940
245 1 0 _aCatalogue of European & American paintings 1500-1900
_cintroduction and descriptions by Walter Pach ; biographies and notes compiled by Christopher Lazare with the assistance of Anne A. Wallis, Marion Haviland and Simonetta de Vries.
260 _aNueva York
_bArt Aid
_c1940
300 _a258 p.
_bil., 371 láminas, 1 plano
_c1940
440 0 _aNew York World´s Fair
_913897
500 _aIncluye índice alfabético de artistas
500 _aE157
650 1 4 _aPinturas
_xCatálogos
_913898
650 1 4 _aPintores
_92497
650 1 4 _aPintura
_xHistoria
_913899
650 1 4 _aPinturas
_zNueva York
_913194
700 1 _aPach, Walter
_913900
700 1 _aLazare, Christopher
_913901
700 1 _aWallis, Anne A
_913902
700 1 _aHaviland, Marion
_913903
700 1 _aVries, Simonetta de
_913904
902 _aGFM
942 _2lcc
_cB
999 _c5136
_d5136